000 00697nam a2200229 a 4500
008
020 _a0750300418 (pbk.)
049 _aMAIN
090 _aQD911
100 1 _aSenechal, Marjorie.
245 1 0 _aCrystalline symmetries :
_ban informal mathematical introduction /
_cMarjorie Senechal.
260 _aBristol :
_bAdam Hilger,
_cc1990.
300 _axi, 137 p. :
_bill. ;
_c23 cm.
504 _aIncludes bibliographical references.
500 _aIncludes index.
650 0 _aCrystallography, Mathematical.
907 _a.b10004956
_b15-04-04
_c17-04-03
003
005 20230123133115.0
040 _cNUST
942 _cBOOKS
_kQD911
999 _c142836
_d142836